GETS Theological Seminary Library

世说新语 (Record no. 26673)

MARC details
000 -LEADER
fixed length control field 00638nam a2200241Ia 4500
008 - FIXED-LENGTH DATA ELEMENTS--GENERAL INFORMATION
fixed length control field 200831s9999||||xx |||||||||||||| ||und||
020 ## - INTERNATIONAL STANDARD BOOK NUMBER
International Standard Book Number 7534828384
020 ## - INTERNATIONAL STANDARD BOOK NUMBER
International Standard Book Number 9787534828386
041 ## - LANGUAGE CODE
Language code of text/sound track or separate title chi
050 ## - LIBRARY OF CONGRESS CALL NUMBER
Classification number PL2687.L561
Item number .L58 2008
100 ## - MAIN ENTRY--PERSONAL NAME
Personal name 刘义庆
245 #0 - TITLE STATEMENT
Title 世说新语
Remainder of title /
Statement of responsibility, etc. (南朝宋) 刘义庆撰; 毛德富, 段书伟等译
250 ## - EDITION STATEMENT
Edition statement 2nd ed.
260 ## - PUBLICATION, DISTRIBUTION, ETC.
Place of publication, distribution, etc. 河南:
Name of publisher, distributor, etc. 中州古籍出版社,
Date of publication, distribution, etc. 2017, c2008
300 ## - PHYSICAL DESCRIPTION
Extent 444 p.
Other physical details ;
Dimensions 23 cm.
490 ## - SERIES STATEMENT
Series statement 國學經典
650 ## - SUBJECT ADDED ENTRY--TOPICAL TERM
Topical term or geographic name entry element Anecdotes.
650 ## - SUBJECT ADDED ENTRY--TOPICAL TERM
Topical term or geographic name entry element China History.
650 ## - SUBJECT ADDED ENTRY--TOPICAL TERM
Topical term or geographic name entry element China.
700 ## - ADDED ENTRY--PERSONAL NAME
Personal name 段书伟
700 ## - ADDED ENTRY--PERSONAL NAME
Personal name 毛德富
Holdings
Withdrawn status Lost status Damaged status Not for loan Home library Current library Shelving location Date acquired Total Checkouts Full call number Barcode Date last seen Price effective from Koha item type
        GETS Theological Seminary Library GETS Theological Seminary Library General Stacks 08/31/2020   PL2687.L561 .L58 2008 00013826 08/31/2020 08/31/2020 Chinese Book
OpacCredits

Contact the Librarian, GETS Library
Email: library@mygets.org









Implemented by GETS Library
(Powered by ETCA Professional Group)
GETS Theological Seminary
412 E. Rowland Street, CA 91723